000 00404nam a2200169Ia 4500
003 LK-CoDNM
008 010623t2011 xxu||||| |||| 00| 1 sin d
040 _aLK-CoDNM
_dLK-CoDNM
_eLK-CoDNM
041 _asin
080 _a8S2 BRE
100 _aBresht,Bertoolt
245 _aගැලීලියෝ
246 _aGaliliyo
260 _bSanhida
_aNugegoda
_c2011
300 _b187, 21 cm
942 _cBK
999 _c130978
_d130978